Giáo trình kinh tế thương mại
Nội dung sách đề cập đến những nguyên lí cơ bản có hệ thống về các vấn đề kinh tế, tổ chức, quản lí thương mại và các biện pháp giải quyết tốt các vấn đề thực tiễn thương mại tại Việt Nam....
Gespeichert in:
| 1. Verfasser: | |
|---|---|
| Format: | Buch |
| Sprache: | Undetermined |
| Veröffentlicht: |
Hà Nội
Thống kê
2003
|
| Schlagworte: | |
| Tags: |
Tag hinzufügen
Keine Tags, Fügen Sie den ersten Tag hinzu!
|
| Thư viện lưu trữ: | Trung tâm Học liệu Trường Đại học Cần Thơ |
|---|
| LEADER | 00914nam a2200205Ia 4500 | ||
|---|---|---|---|
| 001 | CTU_110623 | ||
| 008 | 210402s9999 xx 000 0 und d | ||
| 020 | |c 52000 | ||
| 082 | |a 380.1 | ||
| 082 | |b Đ108 | ||
| 100 | |a Đặng, Đình Đào | ||
| 245 | 0 | |a Giáo trình kinh tế thương mại | |
| 245 | 0 | |c Chủ biên: Đặng Đình Đào, Hoàng Đức Thân | |
| 260 | |a Hà Nội | ||
| 260 | |b Thống kê | ||
| 260 | |c 2003 | ||
| 520 | |a Nội dung sách đề cập đến những nguyên lí cơ bản có hệ thống về các vấn đề kinh tế, tổ chức, quản lí thương mại và các biện pháp giải quyết tốt các vấn đề thực tiễn thương mại tại Việt Nam. | ||
| 650 | |a Commerce,Commercial economy | ||
| 904 | |i Minh | ||
| 980 | |a Trung tâm Học liệu Trường Đại học Cần Thơ | ||